000 00297nam a22001337a 4500
008 181022b xxu||||| |||| 00| 0 eng d
020 _a061406414
041 _aeng
080 _a616.12
100 _a7
101 _aKAR
245 _aECG Diagnosis self assessment
_cChung,E.K
942 _2udc
_cBK
999 _c50480
_d50480